000 00263nam a2200121 a 4500
008 101021s1985|||| d
100 1 _aKatejev, Ivan
260 _bTatran
_aBratislava
_c1985
020 _c15
041 _aslo
044 _axo
_cSK
245 1 0 _aSrdce
999 _c11948
_d11948